Dieux de la mythologie grecque par rapport à leurs attributions - Statistiques

Statistiques générales
  • Ce quiz a été pris 698 fois
  • Le résultat moyen est 21 sur 31
Statistiques - réponses
Hint Réponse % Correct
Mer Poséidon
99%
Foudre Zeus
99%
Enfers Hadès
98%
Amour Aphrodite
95%
Guerre Arès
93%
Vin Dionysos
91%
Musique Apollon
90%
Chasse Artémis
90%
Mariage Héra
90%
Voyage Hermès
90%
Agriculture Déméter
84%
Terre Gaia
81%
Temps Cronos
80%
Foyer Hestia
78%
Printemps Perséphone
75%
Soleil Hélios
67%
Ciel Ouranos
66%
Nuit Nyx
62%
Sommeil Hypnos
59%
Lune Séléné
59%
Mort Thanatos
59%
Vents Eole
58%
Vengence Nemesis
48%
Vide primordial Chaos
43%
Vent de l'ouest Zephyr
43%
Vent du nord Borée
40%
Justice Thémis
29%
Mémoire Mnémosyne
27%
Jour Hemera
20%
Vent de l'est Euros
19%
Vent du sud Notos
18%
Aucun quiz correspondant
Distribution des résultats
% des personnes avec chaque résultat
Percentile par nombre de réponses
Votre historique - résultats
Vous n’avez pas pris ce quiz